Tvorba modelu organizačnej štruktúry

Salvato in:
Dettagli Bibliografici
Autore principale: Bašistová, Alena
Natura: Capitolo di libro
Lingua:slovacco
Tags: Aggiungi Tag
Nessun Tag, puoi essere il primo ad aggiungerne!!

MARC

LEADER 00000naa$a2200000$$$4500
001 0060561
005 20240502071653.6
041 0 |a slo 
044 |a SK 
245 1 0 |a Tvorba modelu organizačnej štruktúry  |c Alena Bašistová 
100 1 |a Bašistová, Alena